| 000 | 00786nas a2200265 4500 | ||
|---|---|---|---|
| 001 | BR8404071 | ||
| 003 | BR-BrBNA | ||
| 005 | 20231205085947.0 | ||
| 007 | ta | ||
| 008 | 230509b bl.|||p| |||| 00| 00por d | ||
| 040 |
_aBR-BrBNA _bpor _cBiblioteca Nacional de Agricultura |
||
| 041 | _a(Pt) | ||
| 072 | _aK50 | ||
| 100 | 1 | _aFelfili, J.M. | |
| 100 | 1 | _aVale, A.B. | |
| 100 | 1 | _aPaula Neto, F. | |
| 100 | 1 | _aRezende, J.L.P. | |
| 245 | 1 | _aAvaliacao dos residuos de exploracao em florestas do norte de Mato Grosso [Brasil] | |
| 650 | _aRESIDUO | ||
| 650 | _aEXPLORACAO FLORESTAL | ||
| 650 | _aMATO GROSSO | ||
| 773 | 0 |
_tRevista Arvore (Brazil) _xISSN 0100-6762 _g(Jan-Jun 1984), v. 8(1) p. 70-83 _wBR8404071 |
|
| 909 |
_a202311 _bLúcia _c55 _dLúcia Elande |
||
| 942 |
_2AGRIS _n0 _cANA |
||
| 999 |
_c115131 _d115131 |
||